Vocabulary in use Upper intermediate (0 521 57768 3)
محفوظ في:
| المؤلف الرئيسي: | |
|---|---|
| التنسيق: | كتاب |
| اللغة: | Undetermined |
| منشور في: |
Cambridge
1997
|
| الوسوم: |
إضافة وسم
لا توجد وسوم, كن أول من يضع وسما على هذه التسجيلة!
|
| Thư viện lưu trữ: | Trung tâm Học liệu Trường Đại học Cần Thơ |
|---|
| LEADER | 00439nam a2200145Ia 4500 | ||
|---|---|---|---|
| 001 | CTU_49178 | ||
| 008 | 210402s9999 xx 000 0 und d | ||
| 082 | |a 428.24 | ||
| 082 | |b M121 | ||
| 100 | |a MICHAEL MCCARTHY | ||
| 245 | 0 | |a Vocabulary in use Upper intermediate (0 521 57768 3) | |
| 245 | 0 | |c MICHAEL MCCARTHY, Allen Shaw, Felicity O'Dell | |
| 260 | |b Cambridge | ||
| 260 | |c 1997 | ||
| 980 | |a Trung tâm Học liệu Trường Đại học Cần Thơ | ||